Quizzes
Events
Quiz Creation
Community
Videos
Private Events
Remove Ads
Sign In
Join for FREE
Feedback
Dark Mode
Quiz Categories
Sports
Geography
Music
Movies
Television
Just For Fun
Miscellaneous
History
Literature
Language
Science
Gaming
Entertainment
Religion
Holiday
For Kids
Quiz Lab
Recent
Popular Today
Quiz Kudos Today
Editor Picks
Curator Picks
Quizzes by...
Day
Popularity
Type
Ratings
Length
Year
Community
Subscriptions
Recent Discussions
Orange Saloon
Badges
Playlists
Quests
Create
Leaderboards
Showdown
Live 5
Trivia Bingo
Activity
Puzzle Library
Sporcle Events
Private Events
Virtual Trivia
Globe League
Become a Host
Pub Owners
SporcleCon
Opinionation
Our Games
Videos
Blog
Mobile Apps
Partnerships
Remove Ads and Go Orange
Feedback
Gaming
Video Games
Board Games
Card Games
Pokémon
Mario
Nintendo
Minecraft
Console
Toys
Legend of Zelda
Gaming
Video Games
Board Games
Card Games
Pokémon
Mario
Nintendo
Minecraft
Console
Toys
Legend of Zelda
Random Quiz
Search Sporcle
×
Quiz Lab
Quiz Lab
Gaming
Color
Type in answers that appear in a list
Type in answers that appear in a list
Classic
Best Score? Go Orange.
Magic: The Gathering Cycles (Ninth Edition) Stats
Can you name the Magic: The Gathering Cycles (Ninth Edition)?
By
FutureAuthor
90s
15 Questions
16 Plays
16 Plays
16 Plays
Comments
Comments
Give Quiz Kudos
Give Quiz Kudos
-
- Ratings
hide this ad
More Info
Replay
Link that replays current quiz
Next Quiz
Link to next quiz in quiz playlist
You Got
0%
They Got
Avg Score
75%
Avg Friend Score
Upgrade to see
Score Distribution
Jump to the score distribution portion of the page
Score
0/15
Timer
01:30
0
Plays Today
Cycle Name
Card Name
% Correct
Painlands
Shivan Reef
87.5%
'Lucky Charms' Artifacts
Dragon's Claw
81.3%
Painlands
Underground River
81.3%
Painlands
Sulfurous Springs
81.3%
Painlands
Battlefield Forge
81.3%
Painlands
Yavimaya Coast
81.3%
Painlands
Adarkar Wastes
75%
'Lucky Charms' Artifacts
Angel's Feather
75%
Cycle Name
Card Name
% Correct
Painlands
Brushland
75%
Painlands
Caves of Koilos
75%
Painlands
Llanowar Wastes
75%
'Lucky Charms' Artifacts
Kraken's Eye
68.8%
'Lucky Charms' Artifacts
Demon's Horn
62.5%
'Lucky Charms' Artifacts
Wurm's Tooth
62.5%
Painlands
Karplusan Forest
62.5%
Quiz Playlist
Details
Report
Send in Message
Add To Playlist
More Info:
These Core Set ones suck.
Classic:
Type in answers that appear in a list
Last Updated: Feb 16, 2017
Quiz Scoreboard
CHALLENGE
Sign Up to Join the Scoreboard
Show All
Scores
Hide
Comments
May contain spoilers
Recently Published
TV Characters by Other Roles V
by ghcgh
Television
5m
Decade Duel: World Leaders
by jenniferyan
History
4m
Alphabetical 'K' Countries by Flag Minefield
by ylime102
Geography
3m
More to Explore
Quiz From the Vault
Featured Blog Post
15 Basketball Trivia Facts You Can Be March Mad About
hide this ad
You Might Also Like...
Tags
Color Quiz
Cycle
Edition
Gathering
magic
Magic the Gathering
ninth
Today's Top Quizzes in Gaming
Browse Gaming
hide this ad
Today's Top Quizzes in Color
Browse Color
Top Contributed Quizzes in Gaming
1
Pokémon Gen IV Logic Puzzle (HARD)
2
HARD Pokemon Logic Puzzle
3
Rainbow Six Siege Operators by Picture
4
Genshin Impact Logic Puzzle
5
Order Genshin Impact characters by release date!
6
Honkai: Star Rail Technique Names Quiz
7
The Slinky Quiz
8
Persona 4 & 5 Social Link / Confidant Minefield
9
Mega Man or Metal Gear
10
Magic: the Gathering Set Symbols - LCI
Explore More
Trending Topics
Harry Potter
Marvel
Anime
NBA
Kpop
Disney
Crossword
NFL
WWE
Soccer
The Office
Pokémon
Song
Puzzle
Country
hide this ad
More By:
FutureAuthor
Quiz
Plays
Rating
Category
Featured
Created
The most expensive MTG cards from each MTG set
1,018
4.00
Gaming
Jun 17, 2013
Naruto Characters
189
Television
Aug 5, 2013
Magic: the Gathering Cycles (Alpha-Revised)
152
5.00
Gaming
Oct 22, 2012
Magic: The Gathering Abilities
143
1.00
Gaming
Jan 21, 2012
Magic: The Gathering Legendary Creatures Part 2
137
1.00
Gaming
Jul 28, 2012
Go to Creator's Profile
Score Distribution
Quiz Creator Spotlight
FutureAuthor
Follow
Send a Message
Quizzes Created
-
Created Quiz Play Count
-
More By This Creator
Popular Quizzes Today
1
Countries of Asia Without Outlines Minefield
2
Find the US States - No Outlines Minefield
3
Pick 6: Fruits
4
The Countries of the World
5
Find the Countries of Europe - No Outlines Minefield
6
Alphabetical 'K' Countries by Flag Minefield
7
US States
8
Find the US States
More Gaming Quizzes
Paint by Letter: Donkey Kong
Curator's Pick
Trending Quizzes
Pick 6: Mountains
Pick 6: Harry Potter
Pick 6: NFL Teams
Pick 6: Flags
C Names for Actors
Recently Updated
Adaptations: Name the Title
pecheneg
NWSL Teams
pecheneg
Women's Final Four Teams by Year
bhenderson79
Presidents Quartet II
eogle
Anything But Clue(do)
eogle
Anything But Oceanian Capitals
eogle
Anything But 7
eogle
Anything But Thing
eogle
Word Ladder: February 29
pecheneg
Song Title Questions
pecheneg
Trending Topics
Anime
Crossword
Harry Potter
Kpop
NBA
Marvel
Disney
NFL
Country
Pokémon
Song
WWE
The Office
Soccer
Puzzle
Your Account Isn't Verified!
In order to create a playlist on Sporcle, you need to verify the email address you used during registration. Go to your
Sporcle Settings
to finish the process.
Report this User
Report this user for behavior that violates our
Community Guidelines
.
Details:
Send Report
Go to the Sporcle.com Mobile Site →
Comments